01434pam a2200337 a 4500999001700000001001000017003000900027005001700036008004100053020002500094040004500119082002100164100003200185245025900217250002000476250003500496264005200531264001000583300007000593336002600663337002800689338002700717500002200744504005100766650004200817653002300859655002400882700003200906942001200938952014600950 c28631d28602015903938EG-ScBUE20200831131427.0110928t2012 njuab f b 001 0 eng d a9781118093733 (pbk.) aStDuBDSbengerdacStDuBDSdUkdEG-ScBUE04a658.404bMER2221 aMeredith, Jack R.,eauthor.10aProject management :ba managerial approach /cJack R. Meredith, Broyhill Distinguished Scholar and Chair in Operations, Wake Forest University, Samuel J. Mantel, Jr., Joseph S. Stern professor emeritus of operations management, University of Cincinnati. aEighth edition. aInternational student version. 1aHoboken, NJ :bJohn Wiley & Sons, Inc.,c[2012] 4cc2012 axvii, 586 pages :billustrations (some color), color map ;c26 cm atext2rdacontentbtxt aunmediated2rdamediabn avolume2rdacarrierbnc aFormerly CIP.5Uk aIncludes bibliographical references and index. 7aProject managementvTextbooks.2BUEsh bBUSADMcAugust2020 vReading book9342321 aMantel, Samuel J.,eauthor. 2ddccBB 00102ddc40708BaccahaMAINbMAINc1STd2020-08-31ePurchasel1m3o658.404 MERp000049520r2026-01-05 00:00:00s2025-12-07w2020-08-31yBB